000
00287nam a2200133Ia 4500
008
230312s9999||||xx |||||||||||||| ||und||
082
_a
891.4
_b
QAS-A
100
_a
Qasmi, Ahmad Nadeem
245
0
_a
Aanchal
260
_b
SangeMeel
300
_a
158
650
_a
Literature
942
_c
BK
999
_c
8647
_d
8647